000 00307nam a22001457a 4500
003 SGT
082 _a535.84,GUP
100 _aGUPTA,S.L
245 _aELEMENTS OF SPECTROSCOPY
250 _a1ST
260 _aMEERUT
_bPRAGATI PRAKASHAN
_c2016
300 _a791
650 _aCHEMISTRY
942 _2ddc
_cFPS
_04
999 _c10043
_d10043